[Event "Mar del Plata 1st Cat RAM"]
[Site "Mar del Plata"]
[Date "2019.11.05"]
[Round "1"]
[White "Cirianni, Alejandro"]
[Black "Monte, Luciano"]
[Result "0-1"]
[WhiteElo "2062"]
[BlackElo "1733"]
[PlyCount "88"]
[EventDate "2019.11.05"]
[EventType "tourn"]
[EventRounds "13"]
[EventCountry "ARG"]
[SourceTitle "EXT 2021"]
[Source "ChessBase"]
[SourceDate "2020.10.23"]
[SourceVersion "1"]
[SourceVersionDate "2020.10.23"]
[SourceQuality "1"]

1. d4 Nf6 2. c4 g6 3. Nc3 Bg7 4. e4 d6 5. Be2 0-0 6. Nf3 e5 7. 0-0 Nc6 8. d5 Ne7 9. b4 Ne8 10. c5 f5 11. Nd2 Nf6 12. Ba3 a6 13. cxd6 cxd6 14. b5 axb5 15. Nxb5 Ne8 16. Qb3 Rf6 17. Bd3 f4 18. f3 g5 19. Be2 h5 20. Nc4 g4 21. Rfc1 Ng6 22. Rc3 Nh4 23. Rac1 Rg6 24. Nbxd6 Nxf3+ 25. gxf3 gxf3+ 26. Kh1 fxe2 27. Nxc8 Rxc8 28. d6 Kh7 29. Rh3 Qg5 30. Qf3 Nf6 31. Qxe2 Rxc4 32. Re1 Rxe4 33. Rxh5+ Nxh5 34. Qxe4 f3 35. Qxf3 Nf4 36. d7 Rh6 37. Bc1 Rxh2+ 38. Kxh2 Qh4+ 39. Kg1 Qxe1+ 40. Kh2 Qh4+ 41. Kg1 Bf6 42. Bxf4 exf4 43. Qxb7 Bd4+ 44. Kg2 Qg3+ 0-1

[Event "Mar del Plata Lasker Memorial"]
[Site "Mar del Plata"]
[Date "2019.07.24"]
[Round "7"]
[White "Cugat, Xavier"]
[Black "Monte, Luciano"]
[Result "1/2-1/2"]
[WhiteElo "1638"]
[BlackElo "1691"]
[PlyCount "38"]
[EventDate "2019.07.22"]
[EventType "swiss"]
[EventRounds "7"]
[EventCountry "ARG"]
[SourceTitle "CBM 191 Extra"]
[Source "ChessBase"]
[SourceDate "2019.09.30"]
[SourceVersion "1"]
[SourceVersionDate "2019.09.30"]
[SourceQuality "1"]

1. d4 d5 2. c4 Bf5 3. Nc3 Nf6 4. Nf3 e6 5. cxd5 Nxd5 6. Qb3 Nc6 7. Nxd5 exd5 8. Bd2 Be7 9. e3 0-0 10. Bb5 Nb8 11. Bb4 c6 12. Bxe7 Qxe7 13. Bd3 Bxd3 14. Qxd3 Qb4+ 15. Qd2 Qxd2+ 16. Kxd2 Nd7 17. Rac1 a5 18. Rc2 Nf6 19. Ke2 Ne4 1/2-1/2

[Event "Mar del Plata Lasker Memorial"]
[Site "Mar del Plata"]
[Date "2019.07.23"]
[Round "3"]
[White "Monte, Luciano"]
[Black "Canelo, Jose Luis"]
[Result "0-1"]
[WhiteElo "1691"]
[BlackElo "1946"]
[PlyCount "96"]
[EventDate "2019.07.22"]
[EventType "swiss"]
[EventRounds "7"]
[EventCountry "ARG"]
[SourceTitle "CBM 191 Extra"]
[Source "ChessBase"]
[SourceDate "2019.09.30"]
[SourceVersion "1"]
[SourceVersionDate "2019.09.30"]
[SourceQuality "1"]

1. e4 c5 2. Nf3 d6 3. d4 cxd4 4. Nxd4 Nf6 5. Nc3 g6 6. Be3 Bg7 7. f3 0-0 8. Qd2 Nc6 9. 0-0-0 d5 10. Nxc6 bxc6 11. Bc4 e6 12. h4 Qa5 13. Bb3 h5 14. Kb1 Qc7 15. g4 Rd8 16. Bf4 e5 17. Bg5 hxg4 18. h5 gxh5 19. Bh6 Rd6 20. Bxg7 Kxg7 21. Qg5+ Kf8 22. exd5 gxf3 23. Rhe1 Bg4 24. Rxe5 Ng8 25. Ne4 Rg6 26. Qf4 cxd5 27. Re8+ Rxe8 28. Qxc7 Rxe4 29. Bxd5 Re7 30. Qc5 Kg7 31. Qc3+ Rf6 32. Rf1 Kg6 33. Bxf3 Bxf3 34. b3 Bg4 35. Rg1 Rfe6 36. Kb2 f5 37. a4 Nf6 38. Qc8 h4 39. Qh8 Kg5 40. Qd8 h3 41. Qd3 Re3 42. Qd2 f4 43. Qa5+ R3e5 44. Qc3 Kh4 45. Qd2 Re3 46. Qd4 Nh5 47. Qh8 h2 48. Rf1 Kg3 0-1

[Event "Mar del Plata Lasker Memorial"]
[Site "Mar del Plata"]
[Date "2019.07.22"]
[Round "1"]
[White "Monte, Luciano"]
[Black "Wisniacki, Flavio"]
[Result "1/2-1/2"]
[WhiteElo "1691"]
[BlackElo "2229"]
[PlyCount "121"]
[EventDate "2019.07.22"]
[EventType "swiss"]
[EventRounds "7"]
[EventCountry "ARG"]
[SourceTitle "CBM 191 Extra"]
[Source "ChessBase"]
[SourceDate "2019.09.30"]
[SourceVersion "1"]
[SourceVersionDate "2019.09.30"]
[SourceQuality "1"]

1. e4 e5 2. Nf3 Nc6 3. Bc4 Be7 4. c3 Nf6 5. d3 0-0 6. 0-0 d5 7. exd5 Nxd5 8. Re1 Nb6 9. Bb5 f6 10. Nbd2 Qd5 11. a4 a6 12. Bxc6 Qxc6 13. a5 Nd7 14. Ne4 Kh8 15. Ng3 Rd8 16. Nd4 exd4 17. Rxe7 Ne5 18. cxd4 Qd6 19. dxe5 Qxe7 20. exf6 Qxf6 21. Ne4 Qe5 22. Bg5 Rf8 23. Qb3 Rf5 24. Be3 Qd5 25. Qc3 Bd7 26. Qxc7 Rc8 27. Qd6 Bb5 28. Qxd5 Rxd5 29. Nc3 Rxd3 30. h3 Bc6 31. Re1 Kg8 32. Rc1 Rcd8 33. Ra1 R8d6 34. Kh2 Rg6 35. Rg1 Kf7 36. Ne2 Rb3 37. Nf4 Rd6 38. Rb1 Be4 39. Rc1 Rc6 40. Rd1 Ke7 41. Rd2 Rc2 42. Rd4 Bc6 43. Nd3 Bb5 44. Re4+ Kd6 45. Rd4+ Kc7 46. Nf4 Rxe3 47. fxe3 Bc6 48. b4 g5 49. Ne6+ Kb8 50. e4 h6 51. Kg3 Ka7 52. Nc5 Bb5 53. e5 Bc6 54. Ne4 Re2 55. Kf3 Re1 56. e6 Rf1+ 57. Kg3 Rf5 58. e7 Re5 59. Nd6 Kb8 60. e8Q+ Bxe8 61. Nxe8 1/2-1/2

[Event "Marplatense Elo op"]
[Site "Argentina"]
[Date "2018.10.10"]
[Round "2"]
[White "Monte, Luciano"]
[Black "Fidel, Roberto Oscar"]
[Result "0-1"]
[WhiteElo "1532"]
[BlackElo "2166"]
[PlyCount "76"]
[EventDate "2018.10.08"]
[EventType "swiss"]
[EventRounds "9"]
[EventCountry "ARG"]
[SourceTitle "CBM 187 Extra"]
[Source "ChessBase"]
[SourceDate "2018.11.04"]
[SourceVersion "1"]
[SourceVersionDate "2018.11.04"]
[SourceQuality "1"]

1. e4 c5 2. Nf3 d6 3. d4 cxd4 4. Nxd4 a6 5. Nc3 Nf6 6. Bc4 e6 7. Bb3 Nc6 8. Be3 Be7 9. Qe2 Qc7 10. 0-0-0 Na5 11. g4 Nxb3+ 12. axb3 Nd7 13. f4 b5 14. f5 Nc5 15. b4 Na4 16. Nxa4 bxa4 17. Kb1 Rb8 18. c3 a3 19. Qd3 e5 20. Nb3 axb2 21. Na5 Bd7 22. Qc4 Qxc4 23. Nxc4 Bc6 24. Kxb2 Bxe4 25. Rhf1 Rd8 26. h4 f6 27. Nb6 h5 28. g5 fxg5 29. hxg5 Rf8 30. f6 gxf6 31. gxf6 Rxf6 32. Rxf6 Bxf6 33. Ra1 h4 34. Bf2 h3 35. Bg3 Ke7 36. Rxa6 Rg8 37. Ra7+ Ke6 38. Be1 h2 0-1